| 000 | 00000nam 2200000za 4500 |
| 001 | 9.644263 |
| 003 | CaOODSP |
| 005 | 20221107134356 |
| 007 | cr ||||||||||| |
| 008 | 150407s1997||||oncab|||ob f000 0 fre d |
| 040 | |aCaOODSP|bfre |
| 043 | |an-cn--- |
| 086 | 1 |aCP32-65/1997F-PDF|zCP32-65/1997-1F-PDF|zCP32-65/1997-2F-PDF|zCP32-65/1997-3F-PDF|zCP32-65/1997-4F-PDF|zCP32-65/1997-5F-PDF|zCP32-66/1997F-PDF |
| 110 | 1 |aCanada. |bCommission d'enquête sur le déploiement des Forces canadiennes en Somalie. |
| 245 | 13|aUn héritage déshonoré |h[ressource électronique] : |bles leçons de l'affaire somalienne : rapport de la Commission d'enquête sur le déploiement des Forces canadiennes en Somalie. |
| 246 | 30|aRapport de la Commission d'enquête sur le déploiement des Forces canadiennes en Somalie |
| 260 | |a[Ottawa] : |bCommission d'enquête sur le déploiement des Forces canadiennes en Somalie, |c1997. |
| 300 | |a5 vol. : |bIll. , cartes, en coul. ; + |esommaire |
| 500 | |aPubl. aussi en anglais sous le titre : Dishonoured legacy : the lessons of the Somalia Affair. |
| 500 | |aÉdition numérisée de l'imprimé [par BCP?]. |
| 504 | |aComprend des réf. bibliogr. |
| 530 | |aÉgalement publ. en version imprimée. |
| 590 | |a15-03-Supp|b2015-03-13 |
| 692 | 07|2gccst|aArmée |
| 692 | 07|2gccst|aCommission d'enquête |
| 775 | 08|tDishonoured legacy |w(CaOODSP)9.700365 |
| 776 | 0#|tUn héritage déshonoré: les leçons de l'affaire somalienne : |w(CaOODSP)9.680158 |
| 856 | 40|qPDF|s238.18 Mo|uhttps://publications.gc.ca/collections/collection_2015/bcp-pco/CP32-65-1997-1-fra.pdf|zVol. 1 |
| 856 | 40|qPDF|s222.19 Mo|uhttps://publications.gc.ca/collections/collection_2015/bcp-pco/CP32-65-1997-2-fra.pdf|zVol. 2 |
| 856 | 40|qPDF|s174.66 Mo|uhttps://publications.gc.ca/collections/collection_2015/bcp-pco/CP32-65-1997-3-fra.pdf|zVol. 3 |
| 856 | 40|qPDF|s63.07 Mo|uhttps://publications.gc.ca/collections/collection_2015/bcp-pco/CP32-65-1997-4-fra.pdf|zVol. 4 |
| 856 | 40|qPDF|s317.76 Mo|uhttps://publications.gc.ca/collections/collection_2015/bcp-pco/CP32-65-1997-5-fra.pdf|zVol. 5 |
| 856 | 40|qPDF|s48.58 Mo|uhttps://publications.gc.ca/collections/collection_2015/bcp-pco/CP32-66-1997-fra.pdf|zSommaire |